| 000 | 00413nam a2200145Ia 4500 | ||
|---|---|---|---|
| 008 | 220204s9999 xx 000 0 und d | ||
| 082 |
_a339.172 _bWAT |
||
| 100 | _aMORLEY, J | ||
| 245 | 0 | _aSuccessful commodity futures trading: How you can make money in commodity markets | |
| 250 | _aEd.2 | ||
| 260 |
_aBritain _bBusiness _c1974 |
||
| 650 | _aCommodity futures trading | ||
| 700 | _aWATLING, T F | ||
| 942 | _cBK | ||
| 999 |
_c31693 _d31693 |
||